[Event "POL-chT3 Kujawsko Pomorskie 1314"]
[Site "Poland"]
[Date "2013.??.??"]
[Round "5.1"]
[White "Karpus, Michal"]
[Black "Ziolkowski, Dawid"]
[Result "0-1"]
[WhiteElo "1881"]
[BlackElo "2132"]
[PlyCount "70"]
[EventDate "2013.11.03"]
[EventType "team-tourn"]
[EventRounds "11"]
[EventCountry "POL"]
[SourceTitle "EXT 2015"]
[Source "ChessBase"]
[SourceDate "2014.11.20"]
[SourceVersion "1"]
[SourceVersionDate "2014.11.20"]
[SourceQuality "1"]
[WhiteTeam "Grudziadz Rotmistrz III"]
[BlackTeam "Bydgoszcz SSz Pocztowiec"]
[WhiteTeamCountry "POL"]
[BlackTeamCountry "POL"]

1. e4 e6 2. d3 d5 3. Nd2 Nf6 4. Ngf3 c5 5. g3 Be7 6. Bg2 0-0 7. 0-0 Nc6 8. Re1 b5 9. e5 Nd7 10. Nf1 f6 11. exf6 Nxf6 12. a4 b4 13. c4 bxc3 14. bxc3 Rb8 15. Ne3 Bd6 16. Ba3 Qa5 17. Qc2 Bd7 18. Nd2 Ne5 19. Bc1 Kh8 20. f4 Neg4 21. Nxg4 Nxg4 22. Nf3 d4 23. Bd2 c4 24. cxd4 c3 25. Bxc3 Qc7 26. Qd2 Rb3 27. Ba5 Qb8 28. Ng5 Rxf4 29. gxf4 Bxf4 30. Qe2 Be3+ 31. Qxe3 Qxh2+ 32. Kf1 Nxe3+ 33. Rxe3 Rb2 34. Ne4 Qxg2+ 35. Ke1 Qg1# 0-1

[Event "POL-chT3 Kujawsko Pomorskie 1314"]
[Site "Poland"]
[Date "2013.??.??"]
[Round "3.1"]
[White "Paprocki, Jaroslaw"]
[Black "Ziolkowski, Dawid"]
[Result "0-1"]
[WhiteElo "2199"]
[BlackElo "2132"]
[PlyCount "95"]
[EventDate "2013.11.03"]
[EventType "team-tourn"]
[EventRounds "11"]
[EventCountry "POL"]
[SourceTitle "EXT 2015"]
[Source "ChessBase"]
[SourceDate "2014.11.20"]
[SourceVersion "1"]
[SourceVersionDate "2014.11.20"]
[SourceQuality "1"]
[WhiteTeam "Bydgoszcz Wiartrak"]
[BlackTeam "Bydgoszcz SSz Pocztowiec"]
[WhiteTeamCountry "POL"]
[BlackTeamCountry "POL"]

1. e4 e6 2. d4 d5 3. e5 c5 4. Nf3 cxd4 5. Bd3 f6 6. 0-0 Nc6 7. Bb5 Qb6 8. Nxd4 Bd7 9. Bxc6 bxc6 10. Re1 f5 11. c3 c5 12. Nf3 Ne7 13. Na3 Nc6 14. Rb1 Qa6 15. b3 Be7 16. Nc2 Rb8 17. Ra1 0-0 18. Bg5 Qa5 19. Bxe7 Nxe7 20. b4 Qa6 21. bxc5 Ba4 22. Qe2 Qxe2 23. Rxe2 h6 24. Ncd4 Kf7 25. Ne1 g5 26. Nd3 Rfc8 27. Rb2 Rxb2 28. Nxb2 Be8 29. Nd3 Rb8 30. a4 a5 31. h4 Bd7 32. h5 Nc6 33. Nb5 Ke7 34. f3 f4 35. Kf2 Be8 36. Nd4 Kd7 37. Ke2 Nxd4+ 38. cxd4 Kc7 39. Kd2 Bc6 40. Kc3 Bd7 41. Kc2 Be8 42. Kc3 Bd7 43. Kc2 Be8 44. Rb1 Rxb1 45. Kxb1 Bd7 46. Nf2 Bxa4 47. Ng4 Be8 48. Nf6 0-1

[Event "POL-chT3 Kujawsko Pomorskie 1314"]
[Site "Poland"]
[Date "2013.??.??"]
[Round "4.1"]
[White "Ziolkowski, Dawid"]
[Black "Gawronski, Miroslaw"]
[Result "1-0"]
[WhiteElo "2132"]
[BlackElo "2115"]
[PlyCount "63"]
[EventDate "2013.11.03"]
[EventType "team-tourn"]
[EventRounds "11"]
[EventCountry "POL"]
[SourceTitle "EXT 2015"]
[Source "ChessBase"]
[SourceDate "2014.11.20"]
[SourceVersion "1"]
[SourceVersionDate "2014.11.20"]
[SourceQuality "1"]
[WhiteTeam "Bydgoszcz SSz Pocztowiec"]
[BlackTeam "Inowroclaw OSiR Pozkal"]
[WhiteTeamCountry "POL"]
[BlackTeamCountry "POL"]

1. e4 c5 2. Nf3 e6 3. c4 b6 4. d4 cxd4 5. Nxd4 a6 6. Bd3 Qc7 7. 0-0 Bb7 8. Qe2 h5 9. Nc3 Nf6 10. Nd5 exd5 11. exd5+ Kd8 12. Bg5 Bc5 13. Nf5 Kc8 14. Rfe1 Qd8 15. Qd2 Qf8 16. Re2 a5 17. Qf4 Rg8 18. Rae1 Na6 19. Ne7+ Bxe7 20. Rxe7 Nc7 21. Qd6 Qd8 22. Bxf6 gxf6 23. Bf5 Ne6 24. dxe6 fxe6 25. Rxd7 Qxd7 26. Bxe6 Rxg2+ 27. Kf1 Qxe6 28. Rxe6 Rg8 29. Re7 Bg2+ 30. Ke1 Ra7 31. Qe6+ Kd8 32. Qxg8+ 1-0

[Event "POL-chT3 Kujawsko Pomorskie 1314"]
[Site "Poland"]
[Date "2013.??.??"]
[Round "6.1"]
[White "Ziolkowski, Dawid"]
[Black "Zebracki, Tomasz"]
[Result "1-0"]
[WhiteElo "2132"]
[BlackElo "2000"]
[PlyCount "43"]
[EventDate "2013.11.03"]
[EventType "team-tourn"]
[EventRounds "11"]
[EventCountry "POL"]
[SourceTitle "EXT 2015"]
[Source "ChessBase"]
[SourceDate "2014.11.20"]
[SourceVersion "1"]
[SourceVersionDate "2014.11.20"]
[SourceQuality "1"]
[WhiteTeam "Bydgoszcz SSz Pocztowiec"]
[BlackTeam "Bydgoszcz UKS MDK nr 5"]
[WhiteTeamCountry "POL"]
[BlackTeamCountry "POL"]

1. e4 e6 2. d4 d5 3. exd5 exd5 4. Bd3 Bd6 5. Nc3 Ne7 6. Qh5 Nbc6 7. Nge2 Nb4 8. 0-0 Nxd3 9. cxd3 Bf5 10. Bg5 Qd7 11. Bxe7 Bxe7 12. Ng3 Be6 13. f4 g6 14. Qe5 0-0-0 15. f5 gxf5 16. Nxf5 Rhg8 17. Rac1 Bg5 18. Nb5 Bxc1 19. Rxc1 f6 20. Rxc7+ Kb8 21. Rc8+ Kxc8 22. Nxa7# 1-0

[Event "POL-chT3 1112"]
[Site "Poland"]
[Date "2011.11.??"]
[Round "1.19"]
[White "Ziolkowski, Dawid"]
[Black "Paprocki, Jaroslaw"]
[Result "0-1"]
[WhiteElo "2152"]
[BlackElo "2229"]
[PlyCount "59"]
[EventDate "2011.11.06"]
[EventType "team-tourn"]
[EventRounds "11"]
[EventCountry "POL"]
[SourceTitle "EXT 2015"]
[Source "ChessBase"]
[SourceDate "2014.11.20"]
[SourceVersion "1"]
[SourceVersionDate "2014.11.20"]
[SourceQuality "1"]
[WhiteTeam "Bydgoszcz SSz Pocztowiec"]
[BlackTeam "Bydgoszcz Wiartrak"]
[WhiteTeamCountry "POL"]
[BlackTeamCountry "POL"]

1. g3 Nf6 2. Bg2 d5 3. c4 c6 4. b3 e5 5. Bb2 d4 6. Nf3 Bd6 7. b4 0-0 8. 0-0 Re8 9. c5 Bc7 10. Na3 Bf5 11. d3 Nd5 12. b5 Nd7 13. Rc1 Nb4 14. bxc6 bxc6 15. Qa4 a5 16. Nh4 Bg4 17. Rfe1 Nxa2 18. Ra1 Nb4 19. Bxc6 Rb8 20. Bxd7 Bxd7 21. Qd1 Nd5 22. Nc4 Nf4 23. Ba3 Nh3+ 24. Kg2 Nf4+ 25. Kg1 Bc6 26. f3 Re6 27. Nd6 Bxd6 28. cxd6 Nd5 29. Nf5 Kh8 30. Qc1 0-1

[Event "Bydgoszcz-Torun"]
[Site "Bydgoszcz"]
[Date "2010.12.05"]
[Round "?.4"]
[White "Tofil, Borys"]
[Black "Ziolkowski, Dawid"]
[Result "0-1"]
[WhiteElo "2197"]
[BlackElo "2206"]
[PlyCount "60"]
[EventDate "2010.12.05"]
[EventType "team-match"]
[EventRounds "1"]
[EventCountry "POL"]
[SourceTitle "EXT 2018"]
[Source "ChessBase"]
[SourceDate "2017.10.13"]
[SourceVersion "1"]
[SourceVersionDate "2017.10.13"]
[SourceQuality "1"]

1. e4 e6 2. d4 d5 3. Nc3 Bb4 4. Nge2 dxe4 5. a3 Be7 6. Nxe4 Nf6 7. N2c3 0-0 8. Be3 Nxe4 9. Nxe4 f5 10. Nc3 f4 11. Bc1 f3 12. gxf3 Bf6 13. Be3 Nc6 14. Ne2 e5 15. d5 Nd4 16. Nc3 Bf5 17. Rc1 Bg5 18. Bg2 Bxe3 19. fxe3 Qh4+ 20. Kd2 Qf2+ 21. Ne2 Qxg2 22. exd4 Qg5+ 23. f4 exf4 24. Rg1 Qh6 25. Kc3 f3 26. Ng3 Qe3+ 27. Kc4 b5+ 28. Kxb5 Rab8+ 29. Kc4 f2 30. Rf1 Bd7 0-1

[Event "POL-chT 2nd League"]
[Site "Ustron"]
[Date "2008.09.06"]
[Round "1.58"]
[White "Ziolkowski, Dawid"]
[Black "Swiatnicki, Andrzej"]
[Result "1-0"]
[WhiteElo "2183"]
[BlackElo "2192"]
[PlyCount "73"]
[EventDate "2008.09.06"]
[EventType "team-swiss"]
[EventRounds "9"]
[EventCountry "POL"]
[SourceTitle "EXT 2015"]
[Source "ChessBase"]
[SourceDate "2014.11.20"]
[SourceVersion "1"]
[SourceVersionDate "2014.11.20"]
[SourceQuality "1"]
[WhiteTeam "Bydgoszcz Centrum"]
[BlackTeam "Konin Hetman"]
[WhiteTeamCountry "POL"]
[BlackTeamCountry "POL"]

1. Nf3 d5 2. c4 c6 3. g3 Nf6 4. Bg2 e6 5. 0-0 Nbd7 6. d3 Be7 7. Nc3 0-0 8. e4 dxe4 9. dxe4 e5 10. Rb1 a5 11. a3 Qc7 12. b4 Rd8 13. Qb3 axb4 14. axb4 Nf8 15. Bb2 Bg4 16. c5 Bxf3 17. Bxf3 Ne6 18. Bg2 Nd4 19. Qc4 b5 20. cxb6 Qxb6 21. Bc1 Qa6 22. Qxa6 Rxa6 23. f4 exf4 24. gxf4 Nc2 25. b5 Bc5+ 26. Kh1 cxb5 27. Rxb5 Ba3 28. e5 Ng4 29. Bf3 h5 30. h3 Bxc1 31. Rxc1 Nf2+ 32. Kg1 Rd2 33. Rb8+ Kh7 34. Ne4 Nxh3+ 35. Kh1 Rf2 36. Nxf2 Nxf2+ 37. Kg2 1-0

[Event "Chojnice op-A 4th"]
[Site "Chojnice"]
[Date "2008.07.16"]
[Round "6"]
[White "Gunajew, Rafal"]
[Black "Ziolkowski, Dawid"]
[Result "1-0"]
[WhiteElo "2241"]
[BlackElo "2183"]
[PlyCount "130"]
[EventDate "2008.07.12"]
[EventType "swiss"]
[EventRounds "9"]
[EventCountry "POL"]
[SourceTitle "EXT 2018"]
[Source "ChessBase"]
[SourceDate "2017.10.13"]
[SourceVersion "1"]
[SourceVersionDate "2017.10.13"]
[SourceQuality "1"]

1. e4 e6 2. d4 d5 3. Nd2 Nf6 4. e5 Nfd7 5. Bd3 c5 6. c3 Nc6 7. Ne2 cxd4 8. cxd4 Qb6 9. Nf3 f6 10. exf6 Nxf6 11. 0-0 Bd6 12. Nc3 0-0 13. Re1 Kh8 14. Bb5 Bd7 15. Bxc6 Bxc6 16. Rxe6 Bd7 17. Rxf6 gxf6 18. Nxd5 Qa5 19. Ne3 Qh5 20. g3 Rae8 21. Bd2 Bf4 22. Ne1 Qb5 23. Qb3 Bxe3 24. fxe3 Qe2 25. Qd3 Qg4 26. Ng2 Bf5 27. Qf1 Be4 28. Nf4 Rc8 29. Bc3 Kg8 30. Qd1 Bf3 31. Qb3+ Rf7 32. Re1 Re8 33. Kf2 Be4 34. Qd1 Qg5 35. Qh5 Bg6 36. Qf3 Be4 37. Qh5 Bg6 38. Qe2 Be4 39. Rc1 Rc7 40. Qh5 Rec8 41. a3 b5 42. h4 Qxh5 43. Nxh5 Kf7 44. Rd1 a5 45. Rd2 Rxc3 46. bxc3 Rxc3 47. Ra2 Bd5 48. Ra1 Rc2+ 49. Ke1 Bf3 50. Nf4 Rh2 51. Rc1 Ra2 52. Rc7+ Ke8 53. d5 Rxa3 54. Kf2 Bg4 55. d6 b4 56. Nd5 Ra2+ 57. Ke1 Ra1+ 58. Kf2 Ra2+ 59. Kg1 Ra1+ 60. Kg2 Ra2+ 61. Kf1 Ra1+ 62. Kf2 Ra2+ 63. Ke1 Ra1+ 64. Kd2 Rd1+ 65. Kc2 Rxd5 1-0

[Event "Chojnice op-A 4th"]
[Site "Chojnice"]
[Date "2008.07.15"]
[Round "5"]
[White "Ziolkowski, Dawid"]
[Black "Sharapov, Evgeny"]
[Result "0-1"]
[WhiteElo "2183"]
[BlackElo "2431"]
[PlyCount "78"]
[EventDate "2008.07.12"]
[EventType "swiss"]
[EventRounds "9"]
[EventCountry "POL"]
[SourceTitle "EXT 2018"]
[Source "ChessBase"]
[SourceDate "2017.10.13"]
[SourceVersion "1"]
[SourceVersionDate "2017.10.13"]
[SourceQuality "1"]

1. e4 c5 2. Nf3 d6 3. c3 Nf6 4. Be2 Nc6 5. d4 cxd4 6. cxd4 d5 7. e5 Ne4 8. Nc3 Bg4 9. Qb3 Nxc3 10. bxc3 Rb8 11. e6 Bxf3 12. exf7+ Kxf7 13. Bxf3 e6 14. 0-0 Bd6 15. Re1 Re8 16. Bh5+ g6 17. Bg4 Na5 18. Qd1 Nc4 19. Qf3+ Qf6 20. Qh3 h5 21. Be2 Rbc8 22. Bd3 Kg7 23. Rb1 b6 24. a4 Re7 25. Re2 Rf8 26. Rb5 a6 27. Rb1 e5 28. Bxc4 exd4 29. Rxe7+ Bxe7 30. Qf3 Qxf3 31. gxf3 dxc4 32. cxd4 Rb8 33. Bf4 Rb7 34. d5 g5 35. Be3 b5 36. axb5 axb5 37. Kf1 b4 38. Ke2 Bf6 39. d6 b3 0-1

[Event "Bydgoszcz"]
[Site "Bydgoszcz"]
[Date "2008.02.23"]
[Round "10"]
[White "Jaroch, Karol"]
[Black "Ziolkowski, Dawid"]
[Result "0-1"]
[WhiteElo "2130"]
[BlackElo "2183"]
[PlyCount "84"]
[EventDate "2008.02.08"]
[EventType "tourn"]
[EventRounds "10"]
[EventCountry "POL"]
[SourceTitle "EXT 2010"]
[Source "ChessBase"]
[SourceDate "2010.11.25"]
[SourceVersion "1"]
[SourceVersionDate "2010.11.25"]
[SourceQuality "1"]

1. e4 e6 2. d4 d5 3. exd5 exd5 4. Nc3 Nc6 5. Nf3 Bf5 6. Bb5 Bb4 7. 0-0 Nge7 8. Bg5 f6 9. Bf4 Qd7 10. a3 Bd6 11. Bg3 Bxg3 12. hxg3 0-0-0 13. Re1 h5 14. Na4 g5 15. c3 h4 16. Rxe7 Qxe7 17. Bxc6 bxc6 18. Nc5 Rde8 19. g4 Bxg4 20. Qa4 Kd8 21. Qxc6 Bc8 22. Qxd5+ Qd6 23. Qa8 Ke7 24. Re1+ Kf7 25. Ne4 Qf4 26. Qd5+ Kg7 27. Re3 Be6 28. Qc6 Bf7 29. Ne5 fxe5 30. Rf3 Re6 31. Qxc7 Qc1+ 32. Kh2 Rf8 33. d5 Rg6 34. Qxe5+ Kg8 35. Nf6+ Rxf6 36. Qxf6 g4 37. Re3 g3+ 38. Rxg3+ hxg3+ 39. Kxg3 Qc2 40. Kh2 Re8 41. g4 Qg6 42. Qf3 Qd6+ 0-1

[Event "Bydgoszcz"]
[Site "Bydgoszcz"]
[Date "2008.02.17"]
[Round "6"]
[White "Zolnierowicz, Krzysztof"]
[Black "Ziolkowski, Dawid"]
[Result "0-1"]
[WhiteElo "2261"]
[BlackElo "2183"]
[PlyCount "54"]
[EventDate "2008.02.08"]
[EventType "tourn"]
[EventRounds "10"]
[EventCountry "POL"]
[SourceTitle "EXT 2010"]
[Source "ChessBase"]
[SourceDate "2010.11.25"]
[SourceVersion "1"]
[SourceVersionDate "2010.11.25"]
[SourceQuality "1"]

1. e4 e6 2. d4 d5 3. Nc3 Bb4 4. Bd3 dxe4 5. Bxe4 Nf6 6. Bd3 0-0 7. Nf3 c5 8. dxc5 e5 9. Nxe5 Qe7 10. Qe2 Re8 11. f4 Qxc5 12. Bd2 Nc6 13. Ne4 Bxd2+ 14. Kxd2 Nxe4+ 15. Qxe4 Qf2+ 16. Kc3 g6 17. Raf1 Qb6 18. b3 Bf5 19. Qd5 Nxe5 20. fxe5 Rad8 21. Qf3 Qd4+ 22. Kd2 Qb2 23. Rb1 Qd4 24. Rhf1 Qb4+ 25. Kc1 Rxd3 26. cxd3 Qc3+ 27. Kd1 Rd8 0-1

[Event "POL-chT 2nd League"]
[Site "Wysowa"]
[Date "2007.09.11"]
[Round "9.49"]
[White "Murdzia, Piotr"]
[Black "Ziolkowski, Dawid"]
[Result "1-0"]
[WhiteElo "2470"]
[BlackElo "2245"]
[PlyCount "27"]
[EventDate "2007.09.03"]
[EventType "team-swiss"]
[EventRounds "9"]
[EventCountry "POL"]
[SourceTitle "EXT 2019"]
[Source "ChessBase"]
[SourceDate "2018.10.10"]
[SourceVersion "1"]
[SourceVersionDate "2018.10.10"]
[SourceQuality "1"]
[WhiteTeam "Gdynia Korsarz"]
[BlackTeam "Bydgoszcz UKS MDK Nr 5"]
[WhiteTeamCountry "POL"]
[BlackTeamCountry "POL"]

1. e4 e5 2. Nf3 Nf6 3. Nxe5 d6 4. Nf3 Nxe4 5. d4 d5 6. Bd3 Bd6 7. 0-0 0-0 8. c4 Nc6 9. Nc3 Bg4 10. Be3 Nxc3 11. bxc3 dxc4 12. Bxc4 Re8 13. h3 Be6 14. d5 1-0

[Event "Kowalewo Pomorskie op-A"]
[Site "Kowalewo Pomorskie"]
[Date "2007.07.06"]
[Round "4"]
[White "Staroszczyk, Mateusz"]
[Black "Ziolkowski, Dawid"]
[Result "0-1"]
[WhiteElo "2050"]
[BlackElo "2245"]
[PlyCount "58"]
[EventDate "2007.07.04"]
[EventType "swiss"]
[EventRounds "9"]
[EventCountry "POL"]
[SourceTitle "CBM 119 Extra"]
[Source "ChessBase"]
[SourceDate "2007.09.04"]
[SourceVersion "1"]
[SourceVersionDate "2007.09.04"]
[SourceQuality "1"]

1. e4 e6 2. d3 d5 3. Nd2 Nf6 4. g3 Be7 5. Bg2 c5 6. Ngf3 Nc6 7. 0-0 0-0 8. Re1 b5 9. e5 Nd7 10. Nf1 f6 11. exf6 Nxf6 12. d4 Ne4 13. Be3 Qb6 14. N1d2 Nxd4 15. Nxe4 Nxf3+ 16. Bxf3 dxe4 17. Bxe4 Bb7 18. Bxb7 Qxb7 19. Qg4 Qd5 20. Bf4 Rf5 21. Qe2 e5 22. Bxe5 Raf8 23. Bf4 c4 24. Qe4 Bc5 25. Kg2 Re5 26. Bxe5 Rxf2+ 27. Kh3 Qe6+ 28. Qg4 Rxh2+ 29. Kxh2 Qxg4 0-1